Microbiology - bacteria - Statistics

General Stats
  • This quiz has been taken 435 times
  • The average score is 9 of 18
Answer Stats
Hint Answer % Correct
Negative
87%
Two types of bacteria Gram - Positive
87%
Aerobic
74%
Primary types of respiration Anaerobic
73%
Medicine used to fight off bacteria Antibiotics
71%
Thin hair-like appendages for locomotion Flagella
69%
Test to determine that ^ Gram- Stain
60%
Rod
58%
Two common cell shapes Coccoid
55%
Exponential
39%
Asexual reproduction used by bacteria Binary fission
35%
Growth phases Lag
35%
Death
32%
Methods of horizontal gene transfer Conjugation
31%
Transduction
27%
Transformation
27%
Stationary
25%
DNA sequence used for bacterial phylogenetics 16S rRNA
17%
No matching quizzes found
Score Distribution
Percent of People with Each Score
Percentile by Number Answered
Your Score History
You have not taken this quiz